| 000 | 03226nam a22002657a 4500 | ||
|---|---|---|---|
| 001 | 216219556 | ||
| 003 | UA-OsUOA | ||
| 005 | 20210101185550.0 | ||
| 008 | 201030b un ||||| m||| 00| 0 ukr d | ||
| 040 |
_aUA-OsUOA _bukr _cUA-OsUOA _dUA-OsUOA |
||
| 041 | _aukr | ||
| 080 | _a347.44 | ||
| 090 | _a347.44 | ||
| 095 |
_a12.00.03 _bцивільне право і цивільний процес; сімейне право; міжнародне приватне право |
||
| 100 | _aБабіч І. В. | ||
| 245 |
_aДоговір переробки давальницької сировини _cБабіч Ія Володимирівна ; наук. керівник Шишка Роман Богданович |
||
| 260 |
_aКиїв _c2006 |
||
| 300 | _a20 с. | ||
| 502 |
_6Автореферат дисертації на здобуття наукового ступеня кандидата юридичних наук
_cНауково-дослідний інститут приватного права і підприємництва Академії правових наук України _d2006 |
||
| 520 | _aДисертація присвячена комплексному дослідженню відносин, які виникають за договором переробки давальницької сировини. Визначено поняття, правова природа договору переробки давальницької сировини, а також його місце в системі цивільно-правових договорів. Розглянуто правову природу та зміст діяльності виконавця з переробки давальницької сировини. Особлива увага приділяється дослідженню предмету договору, умовам договору переробки давальницької сировини. Визначено правову характеристику суб’єктного складу аналізованого договору. Наголошено на особливостях давальницької сировини та підрядному характері договору. Проведено аналіз змісту договору переробки давальницької сировини як правовідносин і визначено наслідки невиконання або неналежного виконання обов’язків сторін за договором. Автором обґрунтовано і запропоновано наукові теоретичні та практичні рекомендації і пропозиції щодо вдосконалення законодавчого врегулювання відносин за договором переробки давальницької сировини. | ||
| 650 |
_2UDC _a347 Цивільне право |
||
| 942 |
_2udc _cAR |
||
| 955 | _a1 | ||
| 999 |
_c463704 _d463704 |
||